000 00326nam a2200121Ia 4500
008 220204s9999 xx 000 0 und d
082 _a37.014.22
_bATH
100 _aAthreya, Venkatesh B
245 0 _aLiteracy and empowerment
260 _aNew Delhi
_bSage Publications
_c1996
700 _aSheela Rani, Chunkath
942 _cBK
999 _c41306
_d41306